|
|
|
|
| LEADER |
00000cac a2200000 a 4500 |
| 003 |
Ucuenca |
| 005 |
20230308184219.0 |
| 008 |
989103|1987 mx |||||r|||||||||||spa|| |
| 020 |
|
|
|a 9681822005
|
| 040 |
|
|
|b spa
|
| 041 |
1 |
|
|a spa
|
| 082 |
0 |
|
|a 636.214 2
|
| 245 |
|
|
|a Ganado lechero:
|b alimentación y administración
|c William M. Etgen, Paul M. Reaves
|h imp
|n tomo 1
|
| 264 |
|
|
|a México
|b Limusa
|c 1987
|
| 300 |
|
|
|a 199 páginas:
|b tab
|c 22.5 cm
|
| 490 |
|
|
|a Enciclopedia práctica de ganadería
|n no. 1
|
| 505 |
1 |
|
|a La industria lechera.-- Registros del rebaño lechero.-- El negocio de la industria lechera.-- Alimentación del ganado lechero.-- Requerimiento de nutrientes del ganado lechero.-- Forrajes para el ganado lechero: pastos, heno, ensilaje.-- Concentrados para el ganado lechero.-- Formulación de raciones para el ganado lechero.-- Principios de cría del ganado lechero.-- Mantenimiento de la eficiencia reproductora.-- Inseminación artificial del ganado lechero.-- Secreción de leche y ordeño.-- La salud del rebaño.-- Reposición del rebaño
|
| 650 |
|
7 |
|a Ganadería
|9 4669
|
| 650 |
|
|
|a Industria lechera
|9 12391
|
| 700 |
1 |
|
|a Etgen, William M.
|9 219290
|
| 700 |
1 |
|
|a Reaves, Paul M.
|9 208055
|
| 852 |
|
|
|a UC-YANUNCAY
|f Compra
|k gsegarra
|l 1
|m General
|p 19891030
|q 5,00
|r 2
|t 764-1
|b 0
|d CDRY
|e CDRY
|g 636 SALA 1 AGROPECUARIAS
|z 1989-91-03
|
| 942 |
|
|
|c CR
|2 ddc
|z diana.leon@ucuenca.edu.ec
|
| 999 |
|
|
|c 65554
|d 65554
|